[Event "Amagermesterskabet 2009"]
[Site "Sundbyoster"]
[Date "2009.10.27"]
[Round "7"]
[White "Haagen Larsen, Hans"]
[Black "Hestehauge, Klaus"]
[Result "1-0"]
[WhiteElo "1652"]
[BlackElo "1925"]
[PlyCount "73"]
[EventDate "2009.??.??"]

1. d4 Nf6 2. Bf4 d5 3. Nf3 e6 4. e3 Be7 5. Be2 O-O 6. O-O b6 7. Nbd2 Bb7 8. h3
Nbd7 9. a4 a5 10. c3 c5 11. Qb3 Ne8 12. Rfc1 Bd6 13. Ne5 c4 14. Qa2 f6 15. Nxd7
Qxd7 16. Bxd6 Nxd6 17. b3 Rfc8 18. bxc4 Ba6 19. Rab1 Rab8 20. c5 Bxe2 21. cxd6
Bd3 22. Rb2 Qxd6 23. f3 Qc6 24. Qa3 b5 25. axb5 Rxb5 26. Rxb5 Qxb5 27. Nb3 Ra8
28. Nc5 Kf7 29. e4 dxe4 30. fxe4 e5 31. dxe5 fxe5 32. Nxd3 Qxd3 33. Qb3+ Ke8
34. Re1 Qd6 35. Rf1 Ra7 36. Qg8+ Kd7 37. Rf7+ 1-0

[Event "Amagermesterskabet 2009"]
[Site "Sundbyoster"]
[Date "2009.10.27"]
[Round "7"]
[White "Larsen, Julie"]
[Black "Andreasen, Rene"]
[Result "0-1"]
[WhiteElo "1261"]
[BlackElo "1769"]
[PlyCount "58"]
[EventDate "2009.??.??"]

1. e4 c6 2. d4 d5 3. exd5 cxd5 4. c3 Nc6 5. Be3 Nf6 6. Bd3 Bg4 7. Nf3 e6 8.
Nbd2 Bh5 9. O-O Bg6 10. Bb5 a6 11. Ba4 b5 12. Bb3 Be7 13. a4 O-O 14. Qe2 b4 15.
c4 dxc4 16. Bxc4 a5 17. Ne5 Nxd4 18. Bxd4 Qxd4 19. Nxg6 hxg6 20. Nf3 Qe4 21.
Qd2 Qxc4 22. Rac1 Qd5 23. Qe3 Rfc8 24. Rcd1 Qe4 25. Qb3 Qc4 26. Qe3 Nd5 27. Qe5
Qc7 28. Qe2 Bf6 29. b3 Nc3 0-1

[Event "Amagermesterskabet 2009"]
[Site "Sundbyoster"]
[Date "2009.10.20"]
[Round "7"]
[White "Larsen, Ulrik Jejlskov"]
[Black "Nielsen, Mogens Bach"]
[Result "1/2-1/2"]
[WhiteElo "1541"]
[BlackElo "1831"]
[PlyCount "64"]
[EventDate "2009.??.??"]

1. d4 d5 2. e3 Nf6 3. Bd3 c5 4. c3 c4 5. Bc2 Nc6 6. Nf3 Bg4 7. Nbd2 e6 8. Qe2
Be7 9. O-O Rc8 10. e4 O-O 11. e5 Nd7 12. Re1 Bh5 13. Nf1 Bg6 14. Ng3 b5 15. a3
a5 16. Bb1 Re8 17. Bd2 b4 18. axb4 axb4 19. Bxg6 hxg6 20. Ra4 Nb6 21. Raa1 bxc3
22. bxc3 Ra8 23. Qd1 Rxa1 24. Qxa1 Qa8 25. Ne2 Na5 26. Bg5 Nb3 27. Qxa8 Nxa8
28. Bxe7 Rxe7 29. Rb1 Ra7 30. Kf1 Nc7 31. Ke1 Kf8 32. Nd2 Nxd2 1/2-1/2

[Event "Amagermesterskabet 2009"]
[Site "Sundbyoster"]
[Date "2009.10.27"]
[Round "7"]
[White "Lunding, Peter M"]
[Black "Varming, Thomas"]
[Result "1-0"]
[WhiteElo "1933"]
[BlackElo "1760"]
[PlyCount "61"]
[EventDate "2009.??.??"]

1. d4 Nf6 2. Nf3 e6 3. Bg5 Be7 4. e3 b6 5. Bd3 h6 6. Bxf6 Bxf6 7. Qe2 c5 8. c3
Bb7 9. Nbd2 Nc6 10. O-O cxd4 11. exd4 d5 12. Ne5 Bxe5 13. dxe5 O-O 14. f4 Qd7
15. Rf3 g6 16. Bb5 Qc7 17. Rh3 Kg7 18. Nf3 Ne7 19. Bd3 h5 20. Nd4 Qc5 21. Qf2
Bc8 22. Re1 Bd7 23. Qh4 Nf5 24. Qf6+ Kg8 25. Bxf5 exf5 26. Rxh5 gxh5 27. Qg5+
Kh7 28. Qxh5+ Kg7 29. Qg5+ Kh7 30. Re3 Qe7 31. Rh3# 1-0

[Event "Amagermesterskabet 2009"]
[Site "Sundbyoster"]
[Date "2009.10.27"]
[Round "7"]
[White "Mollmann, Erik"]
[Black "Nielsen, Bjorn"]
[Result "1-0"]
[WhiteElo "1459"]
[BlackElo "1000"]
[PlyCount "107"]
[EventDate "2009.??.??"]

1. d4 d5 2. Bf4 Bf5 3. c4 c5 4. cxd5 Qxd5 5. e3 Nf6 6. Nc3 Qd8 7. Bb5+ Bd7 8.
dxc5 Bxb5 9. Qxd8+ Kxd8 10. Nxb5 Na6 11. Nf3 e6 12. Nd6 Bxd6 13. Rd1 Nxc5 14.
Bxd6 Ncd7 15. O-O Nd5 16. Ng5 Ke8 17. Rd2 h6 18. Nf3 N5b6 19. b3 f6 20. Nd4 e5
21. Ne6 Kf7 22. Nc5 Nxc5 23. Bxc5 Rhd8 24. Rfd1 Ke8 25. f3 Nd7 26. Ba3 b6 27.
Rd6 Rac8 28. Re6+ Kf7 29. Re7+ Kg6 30. Rdxd7 Rxd7 31. Rxd7 Rc2 32. Bf8 Rxa2 33.
Rxg7+ Kf5 34. e4+ Kf4 35. Rg4+ Ke3 36. Bxh6+ Ke2 37. h3 Rb2 38. Rg6 Rxb3 39.
Rxf6 a5 40. Bf8 b5 41. Ra6 a4 42. h4 Rb1+ 43. Kh2 Rb2 44. h5 Kf1 45. h6 b4 46.
Rxa4 b3 47. Ra1+ Ke2 48. h7 Ra2 49. Rb1 b2 50. h8=Q Kd2 51. Qh4 Kc2 52. Qe1 Ra1
53. Rxa1 bxa1=Q 54. Qxa1 1-0

[Event "Amagermesterskabet 2009"]
[Site "Sundbyoster"]
[Date "2009.10.27"]
[Round "7"]
[White "Mielow, Bjarne"]
[Black "Larsen, Kim"]
[Result "1/2-1/2"]
[WhiteElo "1621"]
[BlackElo "1593"]
[PlyCount "164"]
[EventDate "2009.??.??"]

1. e4 c5 2. Nf3 Nc6 3. Bc4 e6 4. d4 cxd4 5. Nxd4 g6 6. Nxc6 bxc6 7. Qd4 Qf6 8.
e5 Qe7 9. O-O Qc5 10. Qxc5 Bxc5 11. c3 a5 12. Nd2 Ba6 13. Bxa6 Rxa6 14. Ne4 Be7
15. Rd1 f5 16. exf6 Nxf6 17. Nxf6+ Bxf6 18. Be3 g5 19. Rd3 h5 20. Rad1 Rh7 21.
h3 Ra8 22. b3 Rb8 23. c4 Rb7 24. Bd2 Ra7 25. Rf3 Be7 26. Rg3 Rg7 27. Be3 Rb7
28. f4 g4 29. hxg4 hxg4 30. Bd4 Rg6 31. Rf1 Bh4 32. Rd3 Bf6 33. Bxf6 Rxf6 34.
Rg3 Rg6 35. f5 exf5 36. Rxf5 a4 37. Rf4 axb3 38. axb3 Ke7 39. Re3+ Kd6 40. Kf2
g3+ 41. Kf3 Rb8 42. Rg4 Rbg8 43. Ree4 Kc5 44. Rxg6 Rxg6 45. Re7 d5 46. cxd5
Kxd5 47. Rd7+ Kc5 48. Rd3 Kb4 49. Ke2 c5 50. Kd2 c4 51. bxc4 Kxc4 52. Rf3 Kd4
53. Rf4+ Ke5 54. Ke3 Rg5 55. Re4+ Kf6 56. Kf3 Kg6 57. Re8 Kf7 58. Rc8 Kf6 59.
Kf4 Ra5 60. Rc6+ Kg7 61. Kxg3 Ra4 62. Kh3 Kf7 63. g4 Kg7 64. Kh4 Ra5 65. g5 Kh7
66. Kh5 Kg7 67. Rc7+ Kg8 68. Kh6 Ra1 69. Kg6 Kf8 70. Rc8+ Ke7 71. Kg7 Rh1 72.
Rc7+ Ke8 73. Rf7 Rg1 74. Rf5 Ke7 75. g6 Rg2 76. Re5+ Kd6 77. Re1 Rg3 78. Rf1
Ke7 79. Kh7 Rh3+ 80. Kg8 Rg3 81. Re1+ Kf6 82. Rf1+ Kxg6 1/2-1/2

[Event "Amagermesterskabet 2009"]
[Site "Sundbyoster"]
[Date "2009.10.27"]
[Round "7"]
[White "Petersen, Nils"]
[Black "Madsen, Poul Henrik"]
[Result "1-0"]
[WhiteElo "1845"]
[BlackElo "2015"]
[PlyCount "120"]
[EventDate "2009.??.??"]

1. c4 g6 2. e4 Bg7 3. d4 d6 4. Nc3 Nd7 5. Nf3 c5 6. Be3 Qb6 7. Qd2 Ngf6 8. h3
O-O 9. Be2 cxd4 10. Bxd4 Qc6 11. Qc2 Nc5 12. Nd5 Re8 13. Bd3 e5 14. Bxc5 dxc5
15. O-O Bd7 16. Rfd1 Qd6 17. Nd2 Nxd5 18. cxd5 b5 19. b3 Rf8 20. g4 h5 21. f3
Bh6 22. Nf1 Bf4 23. Qf2 Kg7 24. Kg2 Rh8 25. Ng3 hxg4 26. hxg4 a5 27. Rh1 Rxh1
28. Rxh1 a4 29. Rb1 axb3 30. axb3 Ra3 31. Qc2 Be3 32. Ne2 Qf6 33. Rf1 Ra8 34.
Ng3 Ra3 35. Ne2 Qa6 36. Rb1 Qa5 37. Qc3 Qc7 38. Qb2 b4 39. Ra1 Rxa1 40. Qxa1
Qd6 41. Qa6 Qe7 42. Qa2 Qf6 43. Ng3 Bd4 44. Qd2 Qh4 45. Nf1 Bc3 46. Qf2 Qe7 47.
Qe3 Qf8 48. Ng3 Bd4 49. Qg5 Kh7 50. Qf6 Qg7 51. Qe7 f6 52. Qd6 Qf7 53. Ne2 Be3
54. Kg3 Bg5 55. f4 exf4+ 56. Nxf4 Qe8 57. Ne6 Bxe6 58. dxe6 f5 59. exf5 gxf5
60. Bxf5+ Qg6 1-0

[Event "Amagermesterskabet 2009"]
[Site "Sundbyoster"]
[Date "2009.10.27"]
[Round "7"]
[White "Svensson, John Michael"]
[Black "Justesen, Martin"]
[Result "0-1"]
[WhiteElo "1514"]
[BlackElo "1557"]
[PlyCount "58"]
[EventDate "2009.??.??"]

1. Nc3 Nf6 2. e4 e5 3. Nf3 Nc6 4. Bc4 Bb4 5. a3 Ba5 6. O-O O-O 7. Na4 d6 8. Nc3
Bxc3 9. bxc3 Nxe4 10. Qe2 Nf6 11. Bb2 d5 12. Bb3 e4 13. Nd4 Nxd4 14. cxd4 b6
15. f3 Re8 16. Qf2 Ba6 17. Rfe1 Qd7 18. Re3 Re7 19. Qh4 Rae8 20. Kh1 exf3 21.
Rxf3 Re4 22. Qg3 Nh5 23. Qg5 Re1+ 24. Rf1 Rxf1+ 25. Rxf1 Bxf1 26. Kg1 Be2 27.
Bxd5 Nf6 28. Bb3 Ba6 29. d5 Re1+ 0-1

[Event "Amagermesterskabet 2009"]
[Site "Sundbyoster"]
[Date "2009.10.27"]
[Round "7"]
[White "Werner, Gert"]
[Black "Moller, Arne Vagn"]
[Result "1-0"]
[WhiteElo "1796"]
[BlackElo "1735"]
[PlyCount "91"]
[EventDate "2009.??.??"]

1. e4 c5 2. Nc3 d6 3. g3 g6 4. Bg2 Bg7 5. d3 Nc6 6. Be3 a6 7. Qd2 e6 8. Nge2
Nd4 9. O-O Ne7 10. Nd1 O-O 11. Nc1 e5 12. c3 Ndc6 13. f4 f5 14. Ne2 Be6 15. d4
fxe4 16. Bxe4 d5 17. Bg2 cxd4 18. cxd4 e4 19. Nf2 Qd7 20. h3 Rf7 21. g4 Raf8
22. Ng3 Nc8 23. Rac1 Nd6 24. b3 Qe7 25. Rc5 Nb5 26. Ne2 Re8 27. Rfc1 Qd7 28. a4
Nd6 29. Kh2 Nc8 30. b4 Nd6 31. b5 axb5 32. axb5 Nxb5 33. Rxb5 Nxd4 34. Rxb7
Qxb7 35. Nxd4 Bxd4 36. Qxd4 Rc8 37. Rxc8+ Qxc8 38. Bd2 Rc7 39. Bf1 Rc2 40. Nd1
Qb8 41. Kh1 h5 42. f5 gxf5 43. gxf5 Bf7 44. Bg2 Qb1 45. Bh6 Rxg2 46. Kxg2 1-0